Famous Arabs - Statistics

General Stats
  • This quiz has been taken 324 times
    277 since last reset
  • The average score is 17 of 44
Answer Stats
Clue Arab % Correct
Founder of Islam Muhammad
95%
Dictator of Iraq, 1979-2003 Saddam Hussein
91%
Libya's "Brotherly Leader" Muammar Gaddafi
79%
Founded al-Qaeda Osama bin Laden
78%
Either the first or fourth caliph Ali
76%
Dictator of Syria Bashar al-Assad
65%
"Egyptian Messi" Mohamed Salah
65%
Rubbed the magic lamp Aladdin
62%
Egyptian President until 2011 Hosni Mubarak
56%
Egyptian leader who nationalised the Suez Canal Gamal Abdel Nasser
54%
PLO chairman, 1969-2004 Yasser Arafat
52%
Current president of Egypt Abdel Fattah el-Sisi
47%
Daughter of ^, wife of v Fatimah
47%
Egypt's peacemaking leader Anwar Sadat
46%
Forty thieves try to kill him Ali Baba
45%
Saudi Arabian king, 2005–15 King Abdullah
45%
Lover of the above Jasmine
44%
"Bohemian Rhapsody" star Rami Malek
43%
Sailor of the seven seas Sinbad
41%
Head-butting soccer player Zinedine Zidane
40%
Lebanese-born lawyer who married a famous George Amal Clooney
39%
Saudi journalist murdered in Turkey in 2018 Jamal Khashoggi
39%
Founder of Saudi Arabia Ibn Saud
38%
Successor of ^ King Salman
38%
Nemesis of the Crusaders Saladin
37%
Current Palestinian leader Mahmoud Abbas
36%
DJ of "Wild Thoughts" DJ Khaled
34%
Jordan's queen consort Queen Rania
31%
ISIS leader who killed himself in 2019 Abu Bakr al-Baghdadi
28%
"Doctor Zhivago" actor Omar Sharif
27%
Shakespearean Moorish general Othello
24%
Algeria's national football team captain Riyad Mahrez
23%
Princess Diana's lover with whom he died in the car crash Dodi Fayed
20%
King of Morocco, 1961–99 King Hassan II
20%
6th Secretary-General of the United Nations Boutros Boutros-Ghali
18%
Sudanese dictator, 1989-2019 Omar al-Bashir
18%
Sultan of Oman, 1970-2020 Qaboos bin Said
18%
Jordan's American-born queen Queen Noor
16%
Notable Iraqi female architect Zaha Hadid
16%
Most famous Arab pop singer Nancy Ajram
12%
Rapper born Karim Kharbouch French Montana
9%
Abbasid caliph whose life and court has been the subject of many tales Harun al-Rashid
9%
Roman Empire's Arab Emperor Philip the Arab
6%
Wife of the ruler of Dubai who left with their two children Princess Haya
5%
No matching quizzes found
Score Distribution
Percent of People with Each Score
Percentile by Number Answered
Your Score History
You have not taken this quiz since the last reset